LEADER 01053nas a2200229 i 4500 001 000000135738 003 CaOOAMICUS 005 20050718000000.0 008 050208b2004 it uu s u0 0ita r 013 $a109129 040 $aSeMil$bita 245 13$aIl canto della Preghiera Eucaristica ed acclamazioni per la celebrazione. 260 $a[Roma] :$bSIAE, Espressione Edizioni Musicali,$ccopyr. 2004. 260 $aLeumann (Torino) :$bElledici,$ccopyr. 2004. 500 $aAllegato al N. 2/2004. 773 0 $tArmonia di Voci.$dLeumann : Elle Di Ci, 1946-2013.$x0391-5425$w()1921 850 $aSeMil 852 $aSeMil$W1$xVenegono$y1$m100 6 40/2 CD$j89382$B89382$CSeMilBibl$Z2$F100466 $85 961 $aAbbonamento: Centro Editoriale Dehoniano 996 $6245$aIl canto della Preghiera Eucaristica ed acclamazioni per la celebrazione$9(OLS)http://semarc/title/198430 996 $6260$aLeumann (Torino) :$bElledici$9(OLS)http://semarc/publisher/31236 996 $6260$a[Roma] :$bSIAE, Espressione Edizioni Musicali$9(OLS)http://semarc/publisher/44376 LEADER 01221nam a2200217 i 4500 001 000000239093 003 CaOOAMICUS 005 20150219000000.0 008 150219s1719 it u000 u fre u 013 $a217998 026 $as&nd s.ur nts. euau (3) 1719 (R) 040 $aSeMil$bita 245 10$aPremiere partie. Des auteurs qui ont fleuri pendant les 25 premieres années du 17e siecle. 300 $a[16], 439, [1] p. 500 $aSegn. : pg2 a4 [chi]2 A-2D8 2E4. 500 $aMarca editoriale: La Virtù. Una donna coi capelli al vento poggia il piede su un globo alato e regge con entrambe le mani un fiocco. Sullo sfondo un paesaggio marino. Motto: Inimicos virtute superabis (Repertorio consultato: Marques d'impressors, Univ. di Barcellona). 773 0 $tBibliotheque des auteurs ecclesiastiques du dix-septiéme siecle. Premiere partie [-5.].$dA Paris : Chez André Pralard, ruë saint Jacques, à l'Occasion, 1719$g1$w()31442 850 $aSeMil 852 $aSeMil$W1$xVenegono$y1$m3D II 62 FA$j189439$B189439$CSeMilBibl$Z2$F200248 $8I 961 $aRecupero: Altro 996 $6245$aPremiere partie. Des auteurs qui ont fleuri pendant les 25 premieres années du 17e siecle$9(OLS)http://semarc/title/340483